[Event "Hannover Region-ch"]
[Site "Hannover"]
[Date "2006.02.25"]
[Round "4"]
[White "Bedenko, Valeri"]
[Black "Gisy, Roberto"]
[Result "1-0"]
[WhiteElo "1748"]
[BlackElo "1533"]
[PlyCount "49"]
[EventDate "2006.01.14"]
[EventType "swiss"]
[EventRounds "7"]
[EventCountry "GER"]
[SourceTitle "EXT 2021"]
[Source "ChessBase"]
[SourceDate "2020.10.23"]
[SourceVersion "1"]
[SourceVersionDate "2020.10.23"]
[SourceQuality "1"]

1. e4 e5 2. Nf3 Nc6 3. Bc4 Nf6 4. d4 exd4 5. 0-0 Nxe4 6. Re1 d5 7. Nc3 dxc3 8. Bxd5 f5 9. bxc3 Be7 10. Ng5 Bxg5 11. Bxg5 Qxg5 12. f3 Bd7 13. fxe4 fxe4 14. Rxe4+ Kd8 15. Rb1 Kc8 16. Qd3 Rd8 17. Qb5 Rb8 18. Bxc6 Qxb5 19. Bxb5 Bxb5 20. Rxb5 b6 21. Rf5 Rd1+ 22. Kf2 Rd2+ 23. Re2 Rxe2+ 24. Kxe2 Kb7 25. g4 1-0

[Event "Langenhagen-ch op"]
[Site "Langenhagen"]
[Date "2005.07.08"]
[Round "7"]
[White "Bedenko, Valeri"]
[Black "Herrmann, Andreas"]
[Result "0-1"]
[WhiteElo "1715"]
[BlackElo "2160"]
[PlyCount "38"]
[EventDate "2005.05.06"]
[EventType "tourn"]
[EventRounds "9"]
[EventCountry "GER"]
[SourceTitle "EXT 2021"]
[Source "ChessBase"]
[SourceDate "2020.10.23"]
[SourceVersion "1"]
[SourceVersionDate "2020.10.23"]
[SourceQuality "1"]

1. e4 c5 2. Nf3 d6 3. d4 cxd4 4. Nxd4 Nf6 5. Nc3 e6 6. Bc4 Be7 7. Be3 Nc6 8. Qe2 Bd7 9. g4 0-0 10. Bb3 Nxd4 11. Bxd4 b5 12. g5 Ne8 13. a3 a5 14. h4 b4 15. f4 bxc3 16. Bxc3 Rc8 17. Qd2 Qb6 18. Bxa5 Qb7 19. 0-0-0 Qxb3 0-1

[Event "Langenhagen-ch op"]
[Site "Langenhagen"]
[Date "2005.05.13"]
[Round "2"]
[White "Bedenko, Valeri"]
[Black "Stummeyer, Dieter"]
[Result "1-0"]
[WhiteElo "1715"]
[BlackElo "1889"]
[PlyCount "55"]
[EventDate "2005.05.06"]
[EventType "tourn"]
[EventRounds "9"]
[EventCountry "GER"]
[SourceTitle "EXT 2021"]
[Source "ChessBase"]
[SourceDate "2020.10.23"]
[SourceVersion "1"]
[SourceVersionDate "2020.10.23"]
[SourceQuality "1"]

1. e4 c5 2. Nf3 Nc6 3. d4 cxd4 4. Nxd4 a6 5. Nc3 Nf6 6. Bc4 e6 7. 0-0 Be7 8. Be3 Ne5 9. Be2 b5 10. f4 Nc4 11. Bxc4 bxc4 12. e5 Nd5 13. Nxd5 exd5 14. Qg4 g6 15. f5 Bc5 16. Rae1 Qb6 17. c3 0-0 18. f6 Re8 19. Qg5 Qc7 20. Bf4 Qb6 21. Kh1 Bf8 22. Re3 d6 23. e6 Bxe6 24. Nxe6 Rxe6 25. Rxe6 fxe6 26. f7+ Kh8 27. Be5+ Bg7 28. f8Q+ 1-0